Treťohorné stavovce (Vertebrata) Devínskej Kobyly

Bibliographic Details
Main Authors: Holec, Peter, 1944- (Author), Sabol, Martin, 1973- (Author)
Format: Article
Language:Slovak
PhysicalDescription:Obr.
ISSN:0369-2086
Subjects:

MARC

LEADER 00000nab a2200000 a 4500
001 vtls000673660
003 SK-MaSNL
005 20260304084039.0
008 250425c1996 xo 0 slo
015 |a SNBRB1998/09-26999 
035 |a CLN000025836 
035 |a (urnnbn)urn:nbn:sk:snk:ar-005jf7 
035 |a (uuid)defd465e-b4c2-4995-94a8-2b3b4ca47254 
035 |a urn:nbn:sk:snk-ab7zyh 
040 |a SNKBUCL  |b slo  |c SNKBUCL  |e AACR2 
041 0 |a slo 
044 |a xo  |c SK 
080 |a 566(437.6)  |2 1997 
100 1 |a Holec, Peter,  |d 1944-  |4 aut  |9 37764 
245 1 0 |a Treťohorné stavovce (Vertebrata) Devínskej Kobyly  |c Peter Holec, Martin Sabol 
300 |b Obr. 
504 |a Bibliogr. odkazy 
504 |a Res. angl. 
650 0 7 |a stavovce  |x terciér  |z Devínska Kobyla (Bratislava, Slovensko)  |2 snkbucl  |9 1375872 
651 7 |a Devínska Kobyla (Malé Karpaty, Slovensko : vrch)  |2 snkbucl  |9 175016 
655 7 |a články z novín a časopisov  |2 snkbucl  |9 267496 
700 1 |a Sabol, Martin,  |d 1973-  |4 aut  |9 210908 
773 0 |t Mineralia slovaca  |g Roč. 28, č. 6 (1996), s. 519-522  |x 0369-2086 
850 |a Slovenská národná knižnica 
852 |a Slovenská národná knižnica 
954 |a odborná, vedecká literatúra pôvodná (slovenská)  |2 lita 
958 |a article9 
958 |a SK 
958 |a NB 
958 |a OND 
958 |a EUIPO 
992 |a RBX 
999 |c 2801949  |d 2803879